Kővers

Elmentve itt :
Bibliográfiai részletek
Szerző: Nagy Krisztián
További közreműködők: Szegi Amondó Zoltán
Dante Alighieri
Dokumentumtípus: Cikk
Megjelent: Pompeji Alapítvány Szeged 1993
Sorozat:Pompeji
Kulcsszavak:Olasz irodalom - költészet - 13-14. sz.
Tárgyszavak:
Online Access:http://acta.bibl.u-szeged.hu/9126
LEADER 00751nab a2200229 i 4500
001 acta9126
005 20250521120549.0
008 161015s1993 hu o 000 hun d
022 |a 0865-5553 
040 |a SZTE Egyetemi Kiadványok Repozitórium  |b hun 
041 |a hun 
100 1 |a Nagy Krisztián 
245 1 0 |a Kővers  |h [elektronikus dokumentum] /  |c  Nagy Krisztián 
260 |a Pompeji Alapítvány  |b Szeged  |c 1993 
300 |a 212-220 
490 0 |a Pompeji 
650 4 |a Bölcsészettudományok 
650 4 |a Nyelvek és irodalom 
695 |a Olasz irodalom - költészet - 13-14. sz. 
700 0 2 |a Szegi Amondó Zoltán 
700 0 3 |a Dante Alighieri  
856 4 0 |u http://acta.bibl.u-szeged.hu/9126/1/pompeji_1993_001_002_212-220.pdf  |z Dokumentum-elérés